1392 1589 1320 1513 1545 1554 1413 1786 1527 1777 1043 1108 1446 1147 1659 1432 1842 1669 1560 1412 1463 1861 1833 1352 1528 1857 1285 1214 1811 1866 1344 1521 1319 1347 1370 1985 1726 1710 1491 1919 1192 1590 1741 1208 1165 1020 1373 1694 1731 1572 1800 1935 1400 1085 1708 1910 1780 1377 1304 1072 1660 1979 1635 1725 1713 1465 1852 1038 1044 1143 1128 1652 1553 1428 1614 1326 1594 1306 1977 1593 1326 1202 1457 1430 1364 1253 1626 1400 1933 1036 1329 1821 1668 1150 1157 1334 1801 1661 1776 BCNSPRNW ULIB Ver.6.0+V

เปลี่ยนเป็นภาษาไทย

Change to English
 แสดงรายละเอียดบรรณานุกรม
  กลับหน้าหลัก

Brief Record : Get Marc (ISO 2709) : E-mail record : QR code < ปิดหน้าต่าง
LEADER : 00000nam 2200000uu 4500
001    13399110611
003     ULIB
008    110602s2551||||th 000 0 tha d
020    9789745985438
060 04 WR15^bว336ศ 2551
100 0  วรุณวรรณ ผาโคตร
245 10 ศัพท์ : ผิวหนัง ความงามและสุขภาพ =^b Vocabulary in skin Beauty and Health /^cวรุณวรรณ ผาโคตร,สิรนาถ นุชนาถ
246 31 Vocabulary in skin Beauty and Health
250    พิมพ์ครั้งที่ 1
260    กรุงเทพฯ :^bเค. เอส. พี.,^c2551
300    301 หน้า
650  2 Beauty and Health^xDictionaries
650  2 Medicine^xDictionaries
700 00 สิรนาถ นุชนาถ,^eผู้แต่งร่วม
945    ^p199^l0^i027301
945    ^p199^l0^i027300
945    ^p199^l0^i027299
995     ทศพร
999 ^a ใช้งานได้ทุกระบบ
รายการนี้ยังไม่มีแท็ก
คุณยังไม่ได้ล็อกอิน คุณสามารถมีกิจกรรมร่วมกับเว็บไซต์ได้ แต่ต้องล็อกอินก่อน ::
  ล็อกอิน

รายการสื่อสารสนเทศ

ลำดับที่ ประเภท เลขเรียก/บาร์โค้ด สถานที่ สถานะ
- ไม่พบข้อมูล -

รายการใกล้เคียง
    ผู้แต่ง [วรุณวรรณ ผาโคตร]

    หัวเรื่อง [Medicine Dictionaries]

BibComment


ยังไม่เคยถูกคอมเมนท์

คอมเมนท์ทรัพยากรรายการนี้
  คอมเมนท์: ศัพท์ ผิวหนัง คว..


 Copyright 2026. Bcnsprnw @Library